Statistics for Country Transits: Closest Countries to Qatar by Starting Letter

Click here to take the quiz!

General Stats

  • This quiz has been taken 348 times
  • The average score is 18 of 23

Answer Stats

LetterCountry% Correct
AAfghanistan-Armenia-Azerbaijan (4)
93%
OOman (2)
93%
SSaudi Arabia (1)
92%
YYemen (2)
92%
IIraq (2)
88%
JJordan (2)
84%
KKuwait (2)
84%
UUnited Arab Emirates (1)
84%
ZZambia (8)
83%
EEgypt (4)
82%
LLebanon (4)
82%
TTurkey (3)
82%
GGeorgia-Greece (4)
80%
RRomania-Russia (5)
79%
DDemocratic Republic of the Congo-Djibouti (7)
75%
NNepal-Niger-North Korea-Norway (6)
74%
PPakistan (4)
74%
HHungary (6)
66%
VVietnam (6)
66%
FFinland (6)
64%
BBulgaria (4)
53%
CChina (5)
52%
MMacedonia (5)
39%

Score Distribution

Percentile by Number Answered

Percent of People with Each Score

Your Score History

You have not taken this quiz